Guess books and book series by plot description - Statistics

General Stats
  • This quiz has been taken 145 times
  • The average score is 4 of 10
Answer Stats
Hint Answer % Correct
A demigod child needs to catch a thief who stole a weapon of mass destruction and discovers his identity along the way Percy Jackson & the Olympians: The Lightning Thief
83%
A gifted young doctor haunted by the death of his mother wants to cheat death and stitches together pieces of a corpse to create life, and in his arrogance creates a monster. Frankenstein
64%
A boy at a magical school is forced into a mysterious, magical competition with wizards from other schools during which he finds that the evil wizard who killed his parents has been restored to a body. Harry Potter and the Goblet of Fire
56%
Three orphans are taken to a new home with broken elevators and find that one of the elevators is fake. In the fake elevator shaft are two children who were kidnapped by an evil man with an ankle tattoo. Eventually the orphans need to find a way to save themselves and the children stuck in the fake elevator shaft. A Series of Unfortunate Events: The Ersatz Elevator
49%
An alcoholic writer and dad who was fired from his teaching job takes a new position as a hotel's caretaker, where he is overwhelmed by supernatural forces who want him to kill his wife and son. The Shining
46%
A man awakes to find his house is set to be demolished. While at a pub with his alien friend, the whole planet gets an announcement that the entire Earth is set to be demolished to make way for a hyperspace expressway. Eventually the man, the alien, a depressed robot, the president of the galaxy, and the president's companion need to find the ultimate question to life, the universe, and everything. The Hitchhiker's Guide to the Galaxy
23%
In a barely habitable world populated by humans, androids, and sparse populations of animals, a bounty hunter must hunt down six androids. Do Androids Dream of Electric Sheep?
16%
Two siblings join together to hunt for clues that will lead to a prize of incredible power and influence The 39 Clues
9%
A former member of a carnival "freak show" has a body covered with tattoos created by a time traveling woman. Each of his tattoos are animated, and each tells a different story. The Illustrated Man
6%
A depressed teenager finds his way into a magical college, where he finds that learning magic isn't as fun as he expected. He and a group of fellow students end up in a world from a children's book with its creators and Gods missing, and with an evil magician trying to take control of the world. The Magicians
2%
No matching quizzes found
Score Distribution
Percent of People with Each Score
Percentile by Number Answered
Your Score History
You have not taken this quiz